Score 0/24 Timer 03:00
1 Play Today
Clue 5-Letter Word % Correct
Ownership mark made by a hot ironBRAND
95.4%
TastelessBLAND
94.9%
Flutter the eyelashesBLINK
91.4%
Empty spaceBLANK
90.8%
Marriott or Ritz-Carlton●HOTEL●
88.7%
Magnificent●GRAND●
88.4%
Norman Bates ran oneMOTEL
87.8%
ReekSTINK
87.5%
SkulkSLINK
84.5%
Relating to the earAURAL
59.4%
Fancy mushroomMOREL
59.3%
Diego Rivera creationMURAL
54.9%
Clue 5-Letter Word % Correct
UprightMORAL
53%
Period of timeSTINT
51.8%
Luminous radiancesAURAS
51.3%
OrdealTRIAL
42.3%
Rapid fluttering between two notesTRILL
41.8%
SereneSTILL
38.5%
Long pole used for walkingSTILT
38.2%
Helvetica knock-off fontARIAL
36.9%
Disgusting slopSWILL
36.6%
Ribbed woven fabricTWILL
36%
Costa Rican Nobel laureate President ___ SánchezARIAS
23.8%
TapestryARRAS
22.9%

Today's Daily Dose

Missing Word
Lizzo Songs

Get the Picture
The Longest Rivers

Remove Ads.
Support Sporcle.
Get the best of Sporcle when you Go Orange. This ad-free experience offers more features, more stats, and more fun while also helping to support Sporcle. Thank you for becoming a member.

You're not logged in!

Compare scores with friends on all Sporcle quizzes.
OR
Log In

Show Comments

Extras

Top Quizzes Today


Score Distribution

Your Account Isn't Verified!

In order to create a playlist on Sporcle, you need to verify the email address you used during registration. Go to your Sporcle Settings to finish the process.

Report this User

Report this user for behavior that violates our Community Guidelines.

Details: